000 00422nam a22001577a 4500
003 OSt
005 20240419111221.0
008 240419b |||||||| |||| 00| 0 eng d
040 _cMRSPTU
100 _aKashmir Singh (ਕਸ਼ਮੀਰ ਸਿੰਘ)
245 _aPhala Adhiapak (ਪਹਿਲਾ ਅਧਿਆਪਕ)
250 _a2nd
260 _aPunjab
_bDarshak Parkashan
_c2006
300 _a64
942 _2ddc
_cBK
_n0
999 _c10105
_d10105